000 00774nam a2200289Ia 4500
005 20260324115752.0
008 008 260324s9999 xx 000 0 eng d
020 _a9781315183190
037 _aEBOOK
040 _aCRL
040 _beng
040 _cCRL
041 _2eng
041 _aeng
084 _qCRL
100 _aRussell D. Archibald; Shane Archibald
_91155937
245 0 _aLeading and Managing Innovation
245 0 _bWhat Every Executive Team Must Know about Project, Program, and Portfolio Management, Second Edition
260 _bTaylor and Francis
260 _c2016
365 _a
365 _b370
856 _uhttp://www.taylorfrancis.com/books/9781315183190
942 _cEBOOK
999 _c1747050
_d1747050